000 00881nam a2200313 i 4500
001 11862
003 ES-MaACL
005 20230906150206.0
007 t|
008 900509s19861979sp ||||0| spa j
016 7 _zSAB9000080938
020 _a84-85639-01-4
040 _aM-BN-DP
_bspa
_cM-BN-DP
080 _a504.06
080 _a32(100):504
080 _a504:32(100)
100 1 _aCruz, Humberto da.
_941792
245 1 0 _aEcología y sociedad alternativa /
_cHumberto da Cruz.
250 _a[3ª ed.].
260 _aMadrid :
_bMiraguano,
_c1986.
300 _a92 p ;
_c20 cm.
490 1 _aAmigos de la tierra
504 _aBibliografía: p. 77-[80]
650 1 4 _aMedio ambiente-
_xProtección.
_914959
650 1 4 _aPolítica ambiental.
_916286
830 0 _aAmigos de la tierra
_9179217
852 _aES-MaACL
_jL-19220
_bR.122451
999 _c11862
_d11862